Una revolución pacífica : biografía política de Manuel Gómez Pedraza, 1789-1851 /
保存先:
| 第一著者: | |
|---|---|
| フォーマット: | 図書 |
| 言語: | スペイン語 |
| 出版事項: |
México : Querétaro, México :
Instituto Mora : Secretaría de Relaciones Exteriores, Acervo Histórico Diplomático ; Consejo Estatal para la Cultura y las Artes,
1996, c1996
|
| 主題: | |
| タグ: |
タグなし, このレコードへの初めてのタグを付けませんか!
|
MARC
| LEADER | 00000nam^a2200000^a^4500 | ||
|---|---|---|---|
| 001 | 000142982 | ||
| 005 | 20250521000000.0 | ||
| 009 | 20260310095707.426 | ||
| 020 | |a 968-6914-52-8 | ||
| 037 | |a Acervo ITESO - Biblioteca | ||
| 041 | |a ESP | ||
| 082 | |a 972. 04 |b SOL | ||
| 100 | |a Solares Robles, Laura |e (autor) | ||
| 245 | 1 | 3 | |a Una revolución pacífica : |b biografía política de Manuel Gómez Pedraza, 1789-1851 / |c L. Solares Robles. |
| 264 | 4 | |a México : |b Instituto Mora : |b Secretaría de Relaciones Exteriores, Acervo Histórico Diplomático ; |a Querétaro, México : |b Consejo Estatal para la Cultura y las Artes, |c 1996, c1996 | |
| 300 | |a 310 p. | ||
| 336 | |a texto |b txt |2 rdacontenido | ||
| 337 | |a sin mediación |b n |2 rdamedio | ||
| 338 | |a volumen |b nc |2 rdasoporte | ||
| 649 | |a XX | ||
| 650 | |a Jefes de Estado Mexicanos - |x Biografías | ||
| 650 | |a Ministros de Estado Mexicanos - |x Biografías | ||
| 650 | |a Legisladores Mexicanos - |x Biografías | ||
| 650 | |a Políticos Mexicanos - |x Biografías | ||
| 650 | |a Militares Mexicanos - |x Biografías | ||
| 650 | |a Liberalismo - |z México - |x Historia | ||
| 650 | |a Política - |z México - |x Historia | ||
| 650 | |a México - |x Historia - |y Regencia e Imperio, 1821-1823 | ||
| 650 | |a México - |x Historia - |y Poder Ejecutivo, 1823-1824 | ||
| 650 | |a México - |x Historia - |y Federalismo y Centralismo, 1824-1853 | ||
| 650 | |a México - |x Historia - |y Siglo XIX | ||
| 650 | |a Gómez Pedraza, Manuel | ||
| 910 | |a Fondo General | ||
| 920 | |a Impresos - Libros | ||
| 930 | |a Colección General | ||
| 905 | |a 101 | ||
| 901 | |a 0500071566 |b IT1 |c ACC |u 20250521 | ||
| 901 | |a 0500071567 |b IT1 |c ACC |u 20250521 | ||
| 902 | |a https://opac.biblio.iteso.mx/vufind/Record/000142982 | ||